Spots tests in organic analysis. /

Guardado en:
Autor Principal: Feigl, Fritz.
Formato: Libro
Idioma:English
Publicado: Amsterdam : Elsevier, 1966.
Edición:7. ed.
Etiquetas: Agregar Etiqueta
Sin Etiquetas, Sea el primero en etiquetar este registro!
LEADER 00435nam a22001575a 4500
001 EUN.um017289
003 AR-BaUNS
005 20050623122858.0
008 041125s1966####ne############000#0#eng#d
245 1 0 |a Spots tests in organic analysis. /  |c Fritz Feigl. 
260 |a Amsterdam :  |b Elsevier,  |c 1966. 
300 |a 772 p. 
100 1 |a Feigl, Fritz. 
082 0 4 |a 547 
250 |a 7. ed. 
859 |a Ar-BaUNS  |b BIB. CENTRAL - Sector C  |h 547  |i F324a7  |p 46193/968